[Event "Veyangoda Queenstar op"]
[Site "Veyangoda"]
[Date "2023.04.18"]
[Round "4"]
[White "Sanudula, KM Dahamdi"]
[Black "Labunahewage, Dulein Bimsath"]
[Result "1-0"]
[WhiteElo "1732"]
[BlackElo "1267"]
[PlyCount "73"]
[EventDate "2023.04.16"]
[EventType "swiss"]
[EventRounds "9"]
[EventCountry "SRI"]
[SourceTitle "EXT 2024"]
[Source "ChessBase"]
[SourceDate "2023.10.10"]
[SourceVersion "1"]
[SourceVersionDate "2023.10.10"]
[SourceQuality "1"]

1. d4 Nf6 2. e3 g6 3. Bd3 Bg7 4. f4 d6 5. Nf3 Nbd7 6. e4 c5 7. c3 cxd4 8. cxd4 e5 9. fxe5 dxe5 10. d5 0-0 11. Qe2 Re8 12. Nc3 Nc5 13. Bc4 a6 14. b4 Ncd7 15. a3 b5 16. Bb3 Bb7 17. Bd2 Rc8 18. Rc1 Nb6 19. 0-0 Nc4 20. Bxc4 Rxc4 21. Ne1 Qb6+ 22. Kh1 Rec8 23. Nd3 Ne8 24. Qf3 Nd6 25. Be3 Qc7 26. Bc5 f6 27. Nb2 Qd8 28. Bxd6 Qxd6 29. Nxc4 bxc4 30. Na4 Ba8 31. Qe2 a5 32. Rxc4 Rxc4 33. Qxc4 axb4 34. axb4 Bf8 35. Nc5 f5 36. Ra1 Qb8 37. Nd7 1-0